000
00256nam a2200109Ia 4500
008
200302s9999 xx 000 0 und d
100
_a
J Tart
245
_a
World Architecture office Building
260
_b
Pace Books Limited
260
_c
2013
300
_a
295
999
_c
3795
_d
3795